Sports Quiz

Random Sports or Letter Quiz
Score 0/25 Timer 13:00
0 Plays Today
Question Answer Wrong Answers
A Julian Alaphilippe
95.6%
Pascal Ackermann
2.2%
Kasper Asgreen
2.2%
Alex Aranburu
0%
F Jakub Fuglsang
95.6%
Fabio Felline
2.2%
Mathias Frank
0%
Davide Formolo
2.2%
C Richard Carapaz
93.3%
Sonny Colbrelli
2.2%
Bryan Coquard
2.2%
Rui Costa
2.2%
Q Nairo Quintana
93.3%
Rasmus Quaade
2.2%
Dayer Quintana
0%
Carlos Quintero
0%
R Primoz Roglic
93.3%
Youcef Reguigi
0%
Sebastien Reichenbach
2.2%
Maximiliano Richeze
0%
B Egan Bernal
88.9%
Romain Bardet
2.2%
Sam Bennett
8.9%
Emanuel Buchmann
0%
Z Ilnur Zakarin
86.7%
Rick Zabel
4.4%
Filippo Zaccanti
0%
Andrey Zeits
4.4%
E Caleb Ewan
80%
Odd Christian Eiking
0%
Julien El Farès
4.4%
Remco Evenepoel
15.6%
J Fabio Jakobsen
77.8%
Amund Grøndahl Jansen
0%
Justin Jules
0%
Bob Jungels
22.2%
S Peter Sagan
75.6%
Maximilian Schachmann
8.9%
Jasper Stuyven
4.4%
Zdenek Stybar
6.7%
M Michael Matthews
73.3%
Rafal Majka
4.4%
Guillaume Martin
2.2%
Bauke Mollema
20%
W Tim Wellens
66.7%
Max Walscheid
2.2%
Bram Welten
0%
Michael Woods
26.7%
G Dylan Groenewegen
57.8%
David Gaudu
0%
Philipp Gilbert
42.2%
Felix Grossschartner
0%
U Diego Ulissi
48.9%
Rigoberto Uran
44.4%
Maxime Urruty
2.2%
Bonaventure Uwizeyimana
0%
I Ion Izagirre
48.9%
Daryl Impey
40%
Mikel Iturria
2.2%
Gorka Izagirre
8.9%
V Alejandro Valverde
44.4%
Greg Van Avermaet
15.6%
Mathieu Van Der Poel
13.3%
Elia Viviani
22.2%
K Alexander Kristoff
42.2%
Patrick Konrad
2.2%
Steven Kruijswijk
48.9%
Michal Kwiatkowski
6.7%
D Rohan Dennis
37.8%
Arnaud Démare
33.3%
Tom Dumoulin
24.4%
Timothy Dupont
4.4%
N Oliver Naesen
35.6%
Vicenzo Nibali
60%
Mikel Nieve
2.2%
Giacomo Nizzolo
0%
T Matteo Trentin
33.3%
Mike Teunissen
11.1%
Dylan Teuns
11.1%
Geraint Thomas
40%
Y Adam Yates
33.3%
Simon Yates
62.2%
Dawit Yemane
0%
Eric Young
0%
P Thibault Pinot
28.9%
Wout Poels
0%
Tadej Pogacar
62.2%
Nils Politt
4.4%
H Jesus Herrada
26.7%
Ben Hermans
8.9%
Sergio Higuita
35.6%
Marc Hirschi
28.9%
L Alexey Lutsenko
26.7%
Yves Lampaert
8.9%
Mikel Landa
6.7%
Miguel Ángel Lopez
57.8%
O Sam Oomen
24.4%
Ben O'Connor
17.8%
Nelson Oliveira
51.1%
Artem Ovechkin
4.4%
Remove Ads.
Support Sporcle.
Get the best of Sporcle when you Go Orange. This ad-free experience offers more features, more stats, and more fun while also helping to support Sporcle. Thank you for becoming a member.

You're not logged in!

Compare scores with friends on all Sporcle quizzes.
OR
Log In

Show Comments

Extras

Top Quizzes Today


Score Distribution

Your Account Isn't Verified!

In order to create a playlist on Sporcle, you need to verify the email address you used during registration. Go to your Sporcle Settings to finish the process.

Report this User

Report this user for behavior that violates our Community Guidelines.

Details: